El desafío global de los conflictos locales
Guardat en:
| Autor principal: | |
|---|---|
| Format: | Llibre |
| Idioma: | espanyol |
| Publicat: |
Bogotá
Banco Mundial
2005
Bogotá Alfaomega 2005 |
| Col·lecció: | Desarrollo Para Todos, 4
|
| Matèries: | |
| Etiquetes: |
Afegir etiqueta
Sense etiquetes, Sigues el primer a etiquetar aquest registre!
|
MARC
| LEADER | 00000nam a2200000 a 4500 | ||
|---|---|---|---|
| 001 | UCK4548 | ||
| 003 | CL-VaPUC | ||
| 008 | 050610e20050000ck |||||||||||||||||spa|d | ||
| 020 | |a 9586825442 | ||
| 020 | |a 9586825485 | ||
| 082 | 0 | 4 | |a 303.64 |b COL |2 21 |
| 100 | 0 | |a Collier, Paul |e author |9 493094 | |
| 245 | 1 | 3 | |a El desafío global de los conflictos locales |
| 300 | |a 64 p | ||
| 942 | |c BK | ||
| 945 | |d 20050610 00:00:00 |a cmena | ||
| 260 | |a Bogotá |b Banco Mundial |c 2005 | ||
| 260 | |a Bogotá |b Alfaomega |c 2005 | ||
| 650 | 7 | |a GUERRAS CIVILES |2 CL-VaPUC |9 361938 | |
| 650 | 0 | |a Conflictos sociales |9 372024 | |
| 650 | 0 | |a Problemas sociales |9 258537 | |
| 650 | 0 | |a Política social |9 257588 | |
| 583 | |a last modification |c 20171004 05:10:59 |k Rodrigo Vera | ||
| 490 | 0 | |a Desarrollo Para Todos, 4 | |
| 999 | |c 313378 |d 313376 | ||
| 952 | |0 0 |1 0 |4 0 |6 303_640000000000000_COL_2005_2005 |7 0 |8 A |9 384702 |a BIBGIM |b BIBGIM |d 2019-11-22 |i 4132629 |o 303.64 COL 2005 2005 |p 4132629 |r 2025-01-15 |w 2019-11-22 |y BK |k GIM | ||